000 00510nam a2200181Ia 4500
999 _c2980
_d2980
003 OSt
005 20200812143735.0
008 190216s9999||||xx |||||||||||||| ||und||
020 _a8175564059
040 _coclc
082 _a547
_bAGA/A
100 _aAgarwala, S K
_94077
245 0 _aAdvanced Organic Analysis /
_cS K Agarwala ; R C Agarwal
260 _bPragathi Prakashan,
_c2002.
_aMeerut:
300 _a472p
650 _aChemistry
942 _cBK
_2ddc
_h547
_iAGA/A
_k547
_mAGA/A